Ethik als Grundlagenforschung: eine theologische Ethik

Die hohe Anzahl neuer ethischer Entwürfe haben gezeigt, dass zwischen Grundlegung und Anwendung ein Hiatus besteht, der sich nicht deduktiv oder induktiv schließen lässt. Deshalb versteht die vorliegende Studie die Grundlegung der Ethik als Grundlagenforschung, die nur im losen Verhältnis zur Angewa...

Full description

Saved in:  
Bibliographic Details
Main Author: Ohly, Lukas 1969- (Author)
Format: Electronic Book
Language:German
Subito Delivery Service: Order now.
Check availability: HBZ Gateway
Interlibrary Loan:Interlibrary Loan for the Fachinformationsdienste (Specialized Information Services in Germany)
Published: Berlin Boston De Gruyter [2020]
In: Theologische Bibliothek Töpelmann (Band 190)
Year: 2020
Series/Journal:Theologische Bibliothek Töpelmann Band 190
Standardized Subjects / Keyword chains:B Fundamental ethics / Protestant theology
Further subjects:B Dilemma of every ethics
B PHILOSOPHY / Ethics & Moral Philosophy
B Ethics
B Relation between good and right
B "Widerfahrnis"
B Reconciliation
B Widerfahrnis
B Ethics / Christian Theology / RELIGION
B Responsibility for the world
B Ethics / RELIGION
B Christian Theology / RELIGION / Systematic
B RELIGION / Philosophy
Online Access: Cover (Publisher)
Cover (Publisher)
Volltext (lizenzpflichtig)
Volltext (lizenzpflichtig)
Parallel Edition:Non-electronic

MARC

LEADER 00000cam a2200000 c 4500
001 1733586482
003 DE-627
005 20260220092002.0
007 cr uuu---uuuuu
008 200923s2020 gw |||||o 00| ||ger c
020 |a 9783110705607  |q PDF 
020 |a 9783110705638  |q ePub 
024 7 |a 10.1515/9783110705607  |2 doi 
035 |a (DE-627)1733586482 
035 |a (DE-599)BVBBV046887373 
035 |a (DE-604)BV046887373 
035 |a (DE-B1597)550949 
035 |a (DE-627-1)058491805 
040 |a DE-627  |b ger  |c DE-627  |e rda 
041 |a ger 
044 |c XA-DE-BE  |c XD-US 
072 7 |a REL028000  |2 bisacsh 
072 7 |a PHI 005000  |2 bisacsh 
072 7 |a REL 028000  |2 bisacsh 
072 7 |a REL 051000  |2 bisacsh 
072 7 |a REL 067070  |2 bisacsh 
072 7 |a REL 067110  |2 bisacsh 
082 0 |a 241.044  |q SEPA 
082 0 |a 170 
084 |a 1  |2 ssgn 
084 |a BK 1520  |q SEPA  |2 rvk  |0 (DE-625)rvk/11827: 
084 |a 11.62  |2 bkl 
084 |a 11.69  |2 bkl 
100 1 |e VerfasserIn  |0 (DE-588)124148476  |0 (DE-627)08566913X  |0 (DE-576)185417833  |4 aut  |a Ohly, Lukas  |d 1969- 
109 |a Ohly, Lukas 1969-  |a Ohly, L. 1969- 
245 1 0 |a Ethik als Grundlagenforschung  |b eine theologische Ethik  |c Lukas Ohly 
264 1 |a Berlin  |a Boston  |b De Gruyter  |c [2020] 
264 4 |c © 2020 
300 |a 1 Online-Ressource (XII, 320 Seiten) 
336 |a Text  |b txt  |2 rdacontent 
337 |a Computermedien  |b c  |2 rdamedia 
338 |a Online-Ressource  |b cr  |2 rdacarrier 
490 1 |a Theologische Bibliothek Töpelmann  |v Band 190 
500 |a Description based on online resource; title from PDF title page (publisher's Web site, viewed 26. Aug 2020) 
506 1 |a Restricted Access  |e Controlled Vocabulary for Access Rights  |u http://purl.org/coar/access_right/c_16ec  |f online access with authorization  |2 star 
520 |a Die hohe Anzahl neuer ethischer Entwürfe haben gezeigt, dass zwischen Grundlegung und Anwendung ein Hiatus besteht, der sich nicht deduktiv oder induktiv schließen lässt. Deshalb versteht die vorliegende Studie die Grundlegung der Ethik als Grundlagenforschung, die nur im losen Verhältnis zur Angewandten Ethik steht. Ihr Zweck liegt allein in der Generierung ethischen Wissens, während die Angewandte Ethik eklektisch nach dem Nutzenaspekt die Ergebnisse der Grundlegung aufnimmt. Das Ziel dieses Buches liegt also in der Verständigung über ethische Grundlagen, die unabhängig von ihrer Anwendung Geltung verdienen.Neben klassischen Fragen, ob das Gute Eigenschaften hat, ob es Vorrang vor dem Richtigen hat und wie mit dem ethischen Pluralismus ethisch umzugehen ist, entwickelt das Buch eine Argumentation für ein unhintergehbares theologisches Element der ethischen Grundlegung. Ethische Phänomene haben einen Widerfahrenscharakter, die einer eigenen Kategorie angehören, die sich von ethischen Gehalten (Inhalte, Werte, Normgehalte usw.) kategorial unterscheidet. Auf diese Kategorie jedoch nehmen Menschen Bezug, wenn sie von Gott reden. Das Buch ist eine pluralismusfähige theologische Argumentation für den allgemeinen ethischen Diskurs 
520 |a This study understands the foundation of ethics as basic research, which is thus only loosely related to applied ethics. The objective of ethics is solely to generate ethical knowledge. Any foundation of ethics must encompass the immediate character of ethical experience and thus those categories that theology relates to God. Despite this element in all ethics, this foundation is open to pluralism 
546 |a In German 
583 1 |a Archivierung/Langzeitarchivierung gewährleistet  |f SSG  |x XA-DE-BW  |2 pdager  |5 DE-21 
601 |a Grundlagenforschung 
601 |a Theologe 
650 4 |a Relation between good and right 
650 4 |a Reconciliation 
650 4 |a Dilemma of every ethics 
650 4 |a "Widerfahrnis" 
650 4 |a Relation between good and right 
650 4 |a Reconciliation 
650 4 |a Dilemma of every ethics 
650 4 |a "Widerfahrnis" 
650 4 |a Widerfahrnis 
650 4 |a RELIGION / Ethics 
650 4 |a PHILOSOPHY / Ethics & Moral Philosophy 
650 4 |a Weltverantwortung 
650 4 |a Versöhnung 
650 4 |a Ethik 
650 4 |a RELIGION / Christian Theology / Systematic 
650 4 |a RELIGION / Christian Theology / Ethics 
650 4 |a RELIGION / Philosophy 
689 0 0 |d s  |0 (DE-588)4071504-8  |0 (DE-627)106097504  |0 (DE-576)209184191  |2 gnd  |a Fundamentalethik 
689 0 1 |d s  |0 (DE-588)4015875-5  |0 (DE-627)104452455  |0 (DE-576)208913998  |2 gnd  |a Evangelische Theologie 
689 0 |5 (DE-627) 
776 1 |z 9783110705324 
776 0 8 |i Erscheint auch als  |n Druck-Ausgabe  |a Ohly, Lukas, 1969 -   |t Ethik als Grundlagenforschung  |d Berlin : De Gruyter, 2020  |h XII, 320 Seiten  |w (DE-627)1697505376  |z 9783110705324  |z 311070532X  |k Non-Electronic 
830 0 |a Theologische Bibliothek Töpelmann  |v Band 190  |9 190  |w (DE-627)672552744  |w (DE-576)495502839  |w (DE-600)2638228-3  |x 0563-4288  |7 am 
856 4 0 |u https://doi.org/10.1515/9783110705607  |m X:GRUY  |x Verlag  |z lizenzpflichtig  |3 Volltext  |7 1 
856 4 0 |u https://www.degruyterbrill.com/isbn/9783110705607  |m X:GRUY  |x Verlag  |z lizenzpflichtig  |3 Volltext  |7 1 
856 4 2 |u https://www.degruyterbrill.com/cover/covers/9783110705607.jpg  |m X:GRUY  |x Verlag  |3 Cover  |7 1 
856 4 2 |u https://www.degruyterbrill.com/document/cover/isbn/9783110705607/original  |m X:GRUY  |x Verlag  |3 Cover  |7 1 
912 |a ZDB-23-23 
912 |a EBA-CL-PLTLJSIS 
912 |a EBA-DGALL 
912 |a EBA-EBKALL 
912 |a EBA-SSHALL 
912 |a GBV-deGruyter-alles 
912 |a ZDB-23-DGF  |b 2020 
912 |a ZDB-23-DGG  |b 2020 
912 |a EBA-BACKALL 
912 |a BSZ-23-EBA-C1UB 
912 |a EBA-SSHALL2 
912 |a EBA-EBKALL2 
912 |a EBA-EXCL 
912 |a ZDB-23-23  |b 2020 
912 |a ZDB-23-90  |b 2015-2020 
936 r v |a BK 1520  |b Methodologie  |k Theologie und Religionswissenschaften  |k Theologische Ethik/Moraltheologie  |k Einführung in die Moraltheologie/Theologische Ethik  |k Methodologie  |0 (DE-627)1270724770  |0 (DE-625)rvk/11827:  |0 (DE-576)200724770 
936 b k |a 11.62  |j Christliche Ethik  |x Religionswissenschaft  |q DA-3  |0 (DE-627)10640380X 
936 b k |a 11.69  |j Systematische Theologie: Sonstiges  |q DA-3  |0 (DE-627)106419706 
951 |a BO 
ELC |a 1 
ITA |a 1  |t 1 
LOK |0 000 xxxxxcx a22 zn 4500 
LOK |0 001 3937099212 
LOK |0 003 DE-627 
LOK |0 004 1733586482 
LOK |0 005 20250721191031 
LOK |0 008 210611||||||||||||||||ger||||||| 
LOK |0 040   |a DE-21  |c DE-627  |d DE-21 
LOK |0 092   |o k  |p p 
LOK |0 689   |a s  |a eBook-DeGruyter-EBS-2021-2022 
LOK |0 852   |a DE-21 
LOK |0 852 1  |9 00 
LOK |0 85640  |u https://doi.org/10.1515/9783110705607  |z Zugang für die Universität Tübingen 
LOK |0 912   |a EBA-EBKALL 
LOK |0 935   |a ebok  |a lbok 
LOK |0 939   |a 11-06-21  |b l01 
ORI |a TA-MARC-ixtheoa001.raw 
REF |a Religiöse Ethik 
REL |a 1 
STA 0 0 |a Ethics,Ethics,Moral philosophy,Philosophical Ethics,Ethics,Fundamental ethics,Fundamental morals,Protestant theology,Reconciliation,Reconciliation,Atonement,Placation,Responsibility for the world,Universal responsibility,World responsibility,Global responsibility 
STB 0 0 |a Responsabilité envers le monde,Responsabilité dans le monde,Responsabilité dans le monde,Réconciliation,Réconciliation,Théologie protestante,Éthique fondamentale,Éthique,Éthique,Morale,Morale,Morale 
STC 0 0 |a Reconciliación,Reconciliación,Responsabilidad por el mundo,Teología evangélica,Ética fundamental,Ética,Ética,Ética moderna 
STD 0 0 |a Etica fondamentale,Etica,Etica,Responsabilità per il mondo,Riconciliazione,Riconciliazione,Teologia evangelica 
STE 0 0 |a 世界责任,伦理学,道德哲学,道德学,和解,和解,和好,复和,和好,复和,基础伦理学,基本伦理学,新教神学,更正教神学 
STF 0 0 |a 世界責任,倫理學,道德哲學,道德學,和解,和解,和好,復和,和好,復和,基礎倫理學,基本倫理學,新教神學,更正教神學 
STG 0 0 |a Reconciliação,Reconciliação,Responsabilidade pelo mundo,Teologia evangélica,Ética fundamental,Ética,Ética 
STH 0 0 |a Ответственность за мир,Примирение (мотив),Примирение,Протестантское богословие,Фундаментальная этика,Этика (мотив),Этика 
STI 0 0 |a Ευαγγελική θεολογία,Ευθύνη για τον κόσμο,Ηθική (μοτίβο),Ηθική,Θεμελιώδης ηθική,Συμφιλίωση (μοτίβο),Συμφιλίωση 
SUB |a REL 
SYE 0 0 |a reconciliation,Aussöhnung , Ethics,Moral,Morality,Moralphilosophie,Tugend,Wertethik,Ethische Theorie,Moral,Philosophische Ethik,Sittenlehre,Moralphilosophie 
SYG 0 0 |a Fundamentalmoral , Blätter zur kirchlichen Lage,Zwischen den Zeiten , Protestantische Theologie,Evangelische Kirche